Countries with 5 times larger and smaller neighbour - Statistics

General Stats
  • This quiz has been taken 77 times
  • The average score is 7 of 14
Answers on the Map
Answers color-coded by a green-red scale on the quiz's map according to % correct below.
 
Answer Stats
Ratio Country % Correct
17.8 Ukraine
73%
6.3 Kazakhstan
71%
9.2 Uganda
68%
13.3 France
66%
15.5 Switzerland
66%
7.5 Colombia
55%
11.8 Belgium
48%
5.8 Malaysia
48%
5.2 Guatemala
47%
6.4 Poland
44%
6.3 Senegal
39%
5.1 Eritrea
37%
5.0 Guinea
34%
5.1 Greece
29%
No matching quizzes found
Score Distribution
Percent of People with Each Score
Percentile by Number Answered
Your Score History
You have not taken this quiz